Standardised method of life cycle costing for construction (Record no. 107810)
[ view plain ]
| 000 -LEADER | |
|---|---|
| fixed length control field | 01521cad a22002415a 4500 |
| 001 - CONTROL NUMBER | |
| control field | L141947 |
| 008 - FIXED-LENGTH DATA ELEMENTS--GENERAL INFORMATION | |
| fixed length control field | 080116s2008 xxk f 000 0 eng d |
| 035 ## - SYSTEM CONTROL NUMBER | |
| System control number | (Sirsi) u141947 |
| 041 0# - LANGUAGE CODE | |
| Language code of text/sound track or separate title | eng |
| 050 04 - LIBRARY OF CONGRESS CALL NUMBER | |
| Classification number | 692.5 $2 18 |
| 110 2# - MAIN ENTRY--CORPORATE NAME | |
| Corporate name or jurisdiction name as entry element | Building Cost Information Service |
| 9 (RLIN) | 1096 |
| 245 00 - TITLE STATEMENT | |
| Title | Standardised method of life cycle costing for construction |
| Remainder of title | the UK supplement to ISO 15686 Part 5 |
| -- | life cycle costing for buildings and constructed assets |
| Medium | [electronic resource] |
| 260 ## - PUBLICATION, DISTRIBUTION, ETC. | |
| Place of publication, distribution, etc. | London |
| Name of publisher, distributor, etc. | BCIS |
| Date of publication, distribution, etc. | 2008 |
| 520 ## - SUMMARY, ETC. | |
| Summary, etc. | This consultation document outlines BCIS/BSi proposals for a Standardised Method of Life Cycle Costing for Construction (SMLCCC) as a UK supplement to ISO 15686: 5. The SMLCCC contains a data structure for presenting and producing life cycle costs, which is based on the BCIS elements and incorporates construction, maintenance, operation, occupancy and end of life costs. The consultation also summarises the objectives of a UK standardised method and explains why the quantity surveying profession need a standardised method. Comments required by 31 January 2008. |
| 521 2# - TARGET AUDIENCE NOTE | |
| Target audience note | Advanced |
| 590 ## - LOCAL NOTE (RLIN) | |
| Local note | KA |
| 650 24 - SUBJECT ADDED ENTRY--TOPICAL TERM | |
| Topical term or geographic name entry element | ISO/FDIS 15686-5 |
| 651 #4 - SUBJECT ADDED ENTRY--GEOGRAPHIC NAME | |
| Geographic name | United Kingdom |
| Chronological subdivision | |
| 690 ## - LOCAL SUBJECT ADDED ENTRY--TOPICAL TERM (OCLC, RLIN) | |
| Topical term or geographic name as entry element | BUILT ENVIRONMENT-BUILDING COSTS |
| 710 2# - ADDED ENTRY--CORPORATE NAME | |
| Corporate name or jurisdiction name as entry element | British Standards Institution |
| 9 (RLIN) | 130 |
| 856 40 - ELECTRONIC LOCATION AND ACCESS | |
| Uniform Resource Identifier | <a href="https://www.ciria.org/service/membership_options/AM/ContentManagerNet/ContentDisplay.aspx?Section=membership_options&NoTemplate=1&ContentID=6436">https://www.ciria.org/service/membership_options/AM/ContentManagerNet/ContentDisplay.aspx?Section=membership_options&NoTemplate=1&ContentID=6436</a> |
| Public note | View the consultation free of charge at www.ciria.org |
| 942 ## - ADDED ENTRY ELEMENTS (KOHA) | |
| Suppress in OPAC | 0 |
| Withdrawn status | Lost status | Source of classification or shelving scheme | Damaged status | Not for loan | Home library | Current library | Shelving location | Date acquired | Total Checkouts | Full call number | Barcode | Date last seen | Copy number | Price effective from | Koha item type |
|---|---|---|---|---|---|---|---|---|---|---|---|---|---|---|---|
| Dewey Decimal Classification | London | London | RICS Boxes | 11/04/2014 | RICS 2008/34 | 30094927 | 06/08/2019 | 1 | 06/08/2019 | Book | |||||
| Dewey Decimal Classification | Virtual | Virtual | Online | 16/01/2008 | ONLINE PUBLICATION | 141947-2001 | 06/08/2019 | 1 | 06/08/2019 | Book |